Effectiveness of e-governance initiatives in Telangana: A study of citizen services monitoring system (CSMS) (Record no. 520611)

000 -LEADER
fixed length control field 01542nam a22001697a 4500
008 - FIXED-LENGTH DATA ELEMENTS--GENERAL INFORMATION
fixed length control field 220927b ||||| |||| 00| 0 eng d
100 ## - MAIN ENTRY--PERSONAL NAME
Personal name Mallika, V.V.
245 ## - TITLE STATEMENT
Title Effectiveness of e-governance initiatives in Telangana: A study of citizen services monitoring system (CSMS)
260 ## - PUBLICATION, DISTRIBUTION, ETC. (IMPRINT)
Place of publication, distribution, etc Nagarlok
300 ## - PHYSICAL DESCRIPTION
Extent 54(2), Jun, 2022: p.19-41
520 ## - SUMMARY, ETC.
Summary, etc Worldwide governments are being pushed to alter their government systems in order to provide citizen-centric service delivery through the use of cutting-edge Information and Communication Technology (ICT). The use of e-governance has emerged as a critical tool in the fight against the evils of mismanagement and corruption. Over the course of more than two decades, e-governance initiatives have been introduced in India. The present study is set in the context of the growing significance of governance, public service delivery and e-governance, which highlights various issues like awareness, efficiency, transparency, responsiveness, participation and accountability. The study particularly examines the critical e-governance parameters of the Citizen Services Monitoring System (CSMS) initiative in urban areas of Telangana. Based on the study results, important policy suggestions have been provided. – Reproduced

650 ## - SUBJECT ADDED ENTRY--TOPICAL TERM
Topical term or geographic name as entry element E-governance, Good governance, Participation, Responsiveness, Service delivery.
9 (RLIN) 33424
773 ## - HOST ITEM ENTRY
Main entry heading Nagarlok
856 ## - ELECTRONIC LOCATION AND ACCESS
Uniform Resource Identifier https://www.iipa.org.in/cms/public/uploads/548931658912211.pdf
906 ## - LOCAL DATA ELEMENT F, LDF (RLIN)
Subject DIP E-GOVERNANCE
942 ## - ADDED ENTRY ELEMENTS (KOHA)
Item type Articles
Holdings
Withdrawn status Lost status Source of classification or shelving scheme Damaged status Not for loan Permanent location Current location Date acquired Serial Enumeration / chronology Barcode Date last seen Koha item type
          Indian Institute of Public Administration Indian Institute of Public Administration 2022-09-27 54(2), Jun, 2022: p.19-41 AR127194 2022-09-27 Articles

Powered by Koha